000 00320nam a2200145Ia 4500
003 OSt
005 20240226120111.0
008 170524s9999 xx 000 0 und d
020 _a978-0071067850
040 _cIIMT UNIVERSITY
100 _aKhan MY
245 0 _aFinancial Management
260 _aTMH
942 _2ddc
_c01
999 _c3011
_d3011